MARC details
| 000 -LEADER |
| fixed length control field |
01802cam a2200445 a 4500 |
| 001 - CONTROL NUMBER |
| control field |
bookofruth00hami |
| 003 - CONTROL NUMBER IDENTIFIER |
| control field |
CaSfIA |
| 005 - DATE AND TIME OF LATEST TRANSACTION |
| control field |
20230525154701.0 |
| 007 - PHYSICAL DESCRIPTION FIXED FIELD--GENERAL INFORMATION |
| fixed length control field |
cr|||| |
| 008 - FIXED-LENGTH DATA ELEMENTS--GENERAL INFORMATION |
| fixed length control field |
890727r19901988nyu 000 1 eng |
| 010 ## - LIBRARY OF CONGRESS CONTROL NUMBER |
| LC control number |
89038241 |
| 040 ## - CATALOGING SOURCE |
| Original cataloging agency |
DLC |
| Transcribing agency |
DLC |
| Modifying agency |
XY4 |
| -- |
BAKER |
| -- |
NLGGC |
| -- |
TBS |
| -- |
BTCTA |
| -- |
VP@ |
| -- |
YDXCP |
| -- |
LSH |
| -- |
JTH |
| -- |
CaSfIA |
| 020 ## - INTERNATIONAL STANDARD BOOK NUMBER |
| International Standard Book Number |
0385265700 : |
| Terms of availability |
$8.95 ($10.95 Can.) |
| 020 ## - INTERNATIONAL STANDARD BOOK NUMBER |
| International Standard Book Number |
9780385265706 |
| 035 ## - SYSTEM CONTROL NUMBER |
| System control number |
(OCoLC)20219994 |
| 043 ## - GEOGRAPHIC AREA CODE |
| Geographic area code |
n-us--- |
| -- |
n-usc-- |
| -- |
n-us-il |
| 050 10 - LIBRARY OF CONGRESS CALL NUMBER |
| Classification number |
PS3558.A4428 |
| Item number |
B66 1990 |
| 082 00 - DEWEY DECIMAL CLASSIFICATION NUMBER |
| Classification number |
813/.54 |
| Edition number |
20 |
| 084 ## - OTHER CLASSIFICATION NUMBER |
| Classification number |
18.06 |
| Number source |
bcl |
| 029 1# - OTHER SYSTEM CONTROL NUMBER (OCLC) |
| OCLC library identifier |
NLGGC |
| System control number |
20346432X |
| 029 1# - OTHER SYSTEM CONTROL NUMBER (OCLC) |
| OCLC library identifier |
NZ1 |
| System control number |
4417514 |
| 029 1# - OTHER SYSTEM CONTROL NUMBER (OCLC) |
| OCLC library identifier |
AU@ |
| System control number |
000006640243 |
| 100 1# - MAIN ENTRY--PERSONAL NAME |
| Personal name |
Hamilton, Jane, |
| Dates associated with a name |
1957 July 13- |
| 245 14 - TITLE STATEMENT |
| Title |
The book of Ruth / |
| Medium |
[electronic resource] |
| Statement of responsibility, etc. |
Jane Hamilton. |
| 250 ## - EDITION STATEMENT |
| Edition statement |
1st Anchor Books ed. |
| 260 ## - PUBLICATION, DISTRIBUTION, ETC. |
| Place of publication, distribution, etc. |
New York : |
| Name of publisher, distributor, etc. |
Anchor Books, |
| Date of publication, distribution, etc. |
1990, c1988. |
| 300 ## - PHYSICAL DESCRIPTION |
| Extent |
328 p. ; |
| Dimensions |
21 cm. |
| 520 ## - SUMMARY, ETC. |
| Summary, etc. |
Ruth, a young woman living in a rural Illinois town, looks back on the people who have shaped her life, including her runaway father, shrewish mother, and crazy husband. |
| 650 #0 - SUBJECT ADDED ENTRY--TOPICAL TERM |
| Topical term or geographic name entry element |
Violence |
| Form subdivision |
Fiction. |
| 650 #0 - SUBJECT ADDED ENTRY--TOPICAL TERM |
| Topical term or geographic name entry element |
Women |
| Geographic subdivision |
United States |
| Form subdivision |
Fiction. |
| 650 #0 - SUBJECT ADDED ENTRY--TOPICAL TERM |
| Topical term or geographic name entry element |
City and town life |
| Geographic subdivision |
United States |
| Form subdivision |
Fiction. |
| 651 #0 - SUBJECT ADDED ENTRY--GEOGRAPHIC NAME |
| Geographic name |
Middle West |
| Form subdivision |
Fiction. |
| 650 #0 - SUBJECT ADDED ENTRY--TOPICAL TERM |
| Topical term or geographic name entry element |
Mothers and daughters |
| Form subdivision |
Fiction. |
| 651 #0 - SUBJECT ADDED ENTRY--GEOGRAPHIC NAME |
| Geographic name |
Illinois |
| Form subdivision |
Fiction. |
| 655 #7 - INDEX TERM--GENRE/FORM |
| Genre/form data or focus term |
Domestic fiction. |
| Source of term |
lcsh |
| 856 41 - ELECTRONIC LOCATION AND ACCESS |
| Materials specified |
Sample text |
| Uniform Resource Identifier |
<a href="http://www.loc.gov/catdir/samples/random043/89038241.html">http://www.loc.gov/catdir/samples/random043/89038241.html</a> |
| 856 42 - ELECTRONIC LOCATION AND ACCESS |
| Materials specified |
Publisher description |
| Uniform Resource Identifier |
<a href="http://www.loc.gov/catdir/description/random047/89038241.html">http://www.loc.gov/catdir/description/random047/89038241.html</a> |
| 856 41 - ELECTRONIC LOCATION AND ACCESS |
| Uniform Resource Identifier |
<a href="http://www.archive.org/details/bookofruth00hami">http://www.archive.org/details/bookofruth00hami</a> |
| Public note |
Free eBook from the Internet Archive |
| 856 42 - ELECTRONIC LOCATION AND ACCESS |
| Uniform Resource Identifier |
<a href="http://www.openlibrary.org/books/OL2215119M">http://www.openlibrary.org/books/OL2215119M</a> |
| Public note |
Additional information and access via Open Library |